00306nam a2200121 a 450000500170000000800410001705000180005810000180007624500410009426000260013565000080016165000150016920141022142001.0100915s19uu xx 00 eng d aDVDbP31 1994 aPearce, Terry aThe Mastery of Speaking as a leader. bStandford University. aDVD aLeadership